000 00286nam a2200097Ia 4500
008 240331s9999 xx 000 0 und d
082 _bBRE
100 _aBreckenridge, S.N
245 4 _aThe hills of paradise :
_bBritish enterprise and the story of plantation growth in Sri Lanka
942 _cL
999 _c2771
_d2771